| 000 | 00884nam a2200289 a 4500 | ||
|---|---|---|---|
| 001 | 26439 | ||
| 003 | CO-ViMGA | ||
| 008 | 141112s2004 ck r 000 u spa d | ||
| 020 | _a9789588445458 | ||
| 040 |
_aCO-ViMGA _bspa _cCO-ViMGA |
||
| 041 | _aSPA | ||
| 090 | _aN AND8 | ||
| 100 | 1 |
_aAndruetto, María Teresa, 1954 - _941173 |
|
| 245 | 1 | 0 |
_aLa niña, el corazón y la casa / _cMaría Teresa Andruetto |
| 250 | _a1a ed. | ||
| 260 |
_aBogotá : _bBabel, _c2014 |
||
| 300 | _a94 p. | ||
| 490 | _aFrontera | ||
| 650 | 1 | 4 |
_aAUTORES ARGENTINOS _92129 |
| 650 | 1 | 4 |
_aDESDE LOS 15 AÑOS _91079 |
| 650 | 1 | 4 |
_aHERMANOS - NOVELA _92056 |
| 650 | 1 | 4 |
_aLITERATURA ARGENTINA - SIGLO XX _92232 |
| 650 | 1 | 4 |
_aNIÑOS CON DISCAPACIDADES FISICAS - NOVELA _941174 |
| 650 | 1 | 4 |
_aRELACION MADRE - HIJOS - NOVELA _941175 |
| 650 | 1 | 4 |
_aRELACIONES FAMILIARES - NOVELA _930941 |
| 942 |
_2ddc _cBK |
||
| 999 |
_c2403 _d2403 |
||